00772nam a2200241 a 4500001001300000003000900013005001700022008004100039020001000080082002100090245007200111260004000183300000800223500003500231505002800266650002600294650001900320710003500339902000800374942000700382952012400389999001700513nice12345678IN_TiNIC20260116015245.0050524s1996 laha grp 000 0 eng  ac10000a305.4095491bWOM aTime to Speak Outb Illegal Abortion and Women`s Health in Pakistan aLahorebShirkat Gah and WLUMLc1996 a34p aincludes index and biblioraphy2 adialogue Nov, 1-7,1991. aMuslim Women-Pakistan aWomen-Pakistan2 aWomen Living Under Muslim Laws bSRS cBK 001040708StackRoom-aHMIbHMId2008-02-20g100.00l0o305.4095491 WOMp11000767r2008-02-20v100.00w2005-05-24yBK c18949d18949